ბათუმის შოთა რუსთაველის სახელმწიფო უნივერსიტეტის ბიბლიოთეკა

მხაზველობითი გეომეტრიის კურსი : სახელმძღვ. / (ბიბ.ჩანაწერი № 38443)

000 -ლიდერი
ფიქსირებული სიგრძის საკონტროლო ველი 00867nam a2200217Ia 4500
001 - საკონტროლო ნომერი
საკონტროლო ველი 4455
003 - საკონტროლო ნომრის იდენტიფიკატორი
საკონტროლო ველი GE_BSU
005 - ბოლო ოპერაციის თარიღი და დრო
საკონტროლო ველი 20190527142838.0
008 - ფიქსირებული სიგრძის მონაცემთა ელემენტები - ზოგადი ინფორმაცია
ფიქსირებული სიგრძის საკონტროლო ველი 181216s1979||||ge |||||||||||||| ||geo||
040 ## - კატალოგიზაციის წყარო
Transcribing agency GE_BSU
041 ## - ენის კოდი
Language code of text/sound track or separate title geo
080 ## - უნივერსალური ათობითი კლასიფიკაციის ინდექსი
Universal Decimal Classification number 514.18(075.8) ვ–26
100 ## - მთავარი ჩანაწერი - პიროვნების სახელი
Personal name ვაჩნაძე, გ
9 (RLIN) 1633
245 ## - ცნობა სათაურის შესახებ
Title მხაზველობითი გეომეტრიის კურსი : სახელმძღვ. /
Statement of responsibility, etc გ. ვაჩნაძე ; რედ : ჩ. გურგენიძე.
264 ## - წარმოების, გამოცემის, დისტრიბუციის და სხვა ცნობები
გამოცემის, წარმოების, დისტრიბუციის... ადგილი თბილისი :
გამოცემის, წარმოების, დისტრიბუციის... სახელწოდება განათლება,
გამოცემის, წარმოების, დისტრიბუციის... თარიღი 1979.
300 ## - ფიზიკური აღწერა
Extent 292გვ .:
Dimensions 26 სმ.
653 ## - INDEX TERM--UNCONTROLLED
Uncontrolled term მხაზველობითი გეომეტრია
653 ## - INDEX TERM--UNCONTROLLED
Uncontrolled term გეომეტრია
700 ## - ADDED ENTRY--PERSONAL NAME
Personal name გურგენიძე, ჩ
Relator term რედაქტორი
9 (RLIN) 1634
942 ## - ADDED ENTRY ELEMENTS (KOHA)
Koha item type წიგნი
Source of classification or shelving scheme
ეგზემპლარები
ჩამოწერის სტატუსი დაკარგული ეგზემპლარის სტატუსი კლასიფიკაციის წყარო ან თაროზე გაწყობის სქემა დაზიანების სტატუსი არ გაიცემა მუდმივი მდებარეობა (დაცვის ადგილი) ამჟამინდელი ადგილსამყოფელი თაროზე განთავსების ადგილი შეძენის თარიღი ღირებულება, შესყიდვის ნორმალური ფასი სრული შენახვის შიფრი შტრიხკოდი ბოლო ოპერაციის თარიღი ეგზემპლარის მიმდევრობითი ნომერი (კეტერი?) ფასის ძალაში შესვლის თარიღი ეგზემპლარის სახეობა საჯარო შენიშვნა
          ტექნოლოგიური ფაკულტეტის ბიბლიოთეკა ტექნოლოგიური ფაკულტეტის ბიბლიოთეკა წიგნსაცავი 2018-12-17 1.00 514.18(075.8) ვ–26 9072 2018-12-17 9072 2018-12-17 წიგნი 1 ლ. 90 თ.
          ტექნოლოგიური ფაკულტეტის ბიბლიოთეკა ტექნოლოგიური ფაკულტეტის ბიბლიოთეკა წიგნსაცავი 2018-12-17 1.00 514.18(075.8) ვ–26 9073 2018-12-17 9073 2018-12-17 წიგნი 1 ლ. 90 თ.
          ტექნოლოგიური ფაკულტეტის ბიბლიოთეკა ტექნოლოგიური ფაკულტეტის ბიბლიოთეკა წიგნსაცავი 2018-12-17 1.00 514.18(075.8) ვ–26 9074 2018-12-17 9074 2018-12-17 წიგნი 1 ლ. 90 თ.